LEADER 01937nim 2200397Ka 450 001 9910159480803321 005 20250814103640.2 010 $a2-8211-0576-2 035 $a(CKB)3710000001019905 035 $a(ODN)ODN0008826561 035 $a(EXLCZ)993710000001019905 100 $a20220413d2016 uy 0 101 0 $afre 135 $auruna---||||| 181 $cspw$2rdacontent 182 $cs$2rdamedia 182 $cc$2rdamedia 183 $acr$2rdacarrier 200 10$a100 citations de hegel $eCollection 100 citations. /$fHegel 205 $aUnabridged. 210 $aCopenhagen K. $cSAGA Egmont$d2016 215 $a1 online resource (1 audio file) $cdigital 300 $aUnabridged. 330 $aL'oeuvre de Hegel est le sommet de la philosophie idéaliste allemande. Figure incontournable de l'Aufklärung (les Lumières), son influence a été décisive sur l'ensemble de la philosophie contemporaine. Hegel construit un système grandiose qui part de deux questions fondamentales : "Si Dieu existe, d'où vient le mal", et "Si la vérité est une, pourquoi les philosophes se contredisent-ils ?". Dans une puissante vision synthétique, Hegel convoque l'ensemble des domaines philosophiques pour leur donner sens les uns par rapport aux autres : métaphysique et ontologie, philosophie de l'art, de la religion et de l'histoire, philosophie morale et politique. Ces 100 citations visent à donner accès à son oeuvre monumentale par une sélection de ses pensées les plus marquantes, dans un format accessible à tous. 517 $a100 citations de Hegel 606 $aNonfiction$2OverDrive 606 $aPhilosophy$2OverDrive 615 17$aNonfiction. 615 7$aPhilosophy. 686 $aPHI000000$2bisacsh 700 $aHegel$01843365 701 $aJustamon$b Nicolas$01843366 906 $aAUDIO 912 $a9910159480803321 996 $a100 citations de hegel$94424506 997 $aUNINA